000 00728nam a2200253 a 4500
005 20140310183310.0
008 051013s19uu xx 00 eng d
020 _a9715843921
050 _aRT 81.5
_b.B74 2001
100 _aBrink, Pamela J.
245 _aBasic steps in planning nursing research :
_bfrom question to proposal /
_cPamela J. Brink and Marilynn J. Wood.
250 _a5th ed.
260 _aSadbury, Massachusetts :
_bJones and Bartlett Publishers,
_c2001.
300 _a408 p. :
_c23 cm.
521 _aNUR
650 _aNursing
_xResearch
_xPlanning.
942 _cBK
_2lcc
_kFOR
999 _c21122
_d21122